书目信息 |
| 题名: |
苏格拉底
|
|
| 作者: | 霍普·梅 著 | |
| 分册: | ||
| 出版信息: | 北京 中华书局 2002 |
|
| 页数: | 109页 | |
| 开本: | 20cm | |
| 丛书名: | ||
| 单 册: | ||
| 中图分类: | B502.231 | |
| 科图分类: | ||
| 主题词: | 哲学--欧洲 | |
| 电子资源: | ||
| ISBN: | 7-101-03358-X | |
| 000 | 00544nam0 2200193 450 | |
| 001 | 2663556593 | |
| 005 | 20260407174202.42 | |
| 010 | @a7-101-03358-X@dCNY8.00 | |
| 100 | @a20260407d2002 km y0chiy0120 ea | |
| 101 | 0 | @achi |
| 102 | @aCN@b110000 | |
| 200 | 1 | @a苏格拉底@ASu Ge La Di@f霍普·梅著@FHuo Pu·Mei Zhu |
| 210 | @a北京@c中华书局@d2002 | |
| 215 | @a109页@d20cm | |
| 606 | 0 | @a哲学@x欧洲 |
| 690 | @aB502.231@v4 | |
| 701 | 0 | @a霍普·梅@AHuo Pu·Mei@4著 |
| 801 | 0 | @aCN@b大连网信软件有限公司图书馆·11@c20260407 |
| 905 | @aZUCC@dB502.231@e150 | |
| 苏格拉底/霍普·梅著.-北京:中华书局,2002 |
| 109页;20cm |
| ISBN 7-101-03358-X:CNY8.00 |
| ● |
| 相关链接 |
|
|
|
|
正题名:苏格拉底
索取号:B502.231/150
 
预约/预借
| 序号 | 登录号 | 条形码 | 馆藏地/架位号 | 状态 | 备注 |
| 1 | 1442542 | 214425424 | 第一样本阅览室/ [索取号:B502.231/150] | 在馆 |